De iure accrescendi vendita hereditate ad emtorem pertinente indulgente illustri iureconsultorum ordine praeside D. Godofredo Ludovico Mencken curiae provinc. supr. et consist. Lips. advocato d. VI april MDCCXLVII disputabit / auctor Christianus Fridericus Fleischer dresdensis

Detalles Bibliográficos
Autor principal: Fleischer, Christianus Fridericus
Formato: Libro
Lenguaje:Latin
Publicado: Lipsiae : ex officina Langenhemiana, 1747.
Materias:
Colección:Banco de datos
Acervo:Fondo Bibliográfico Antiguo Víctor Manuel Castillo de la Universidad de Ciencias y Artes de Chiapas
Descripción Física:35 p. ; 4°
Tema general:Derecho civil
Notas:Portada tipográfica con pleca en grabado xilográfico. Texto a renglón seguido con apostillas marginales. Incluye cabecera de título con motivos históricos. Incluye capitular floreada en grabado xilográfico
LEADER 01031nam a22001810004500
035 |a 1832 
041 0 |a lat 
100 1 |a Fleischer, Christianus Fridericus 
245 1 0 |a De iure accrescendi vendita hereditate ad emtorem pertinente indulgente illustri iureconsultorum ordine praeside D. Godofredo Ludovico Mencken curiae provinc. supr. et consist. Lips. advocato d. VI april MDCCXLVII disputabit / auctor Christianus Fridericus Fleischer dresdensis  
260 |a Lipsiae : ex officina Langenhemiana, 1747. 
300 |a 35 p. ; 4° 
500 |a Portada tipográfica con pleca en grabado xilográfico. Texto a renglón seguido con apostillas marginales. Incluye cabecera de título con motivos históricos. Incluye capitular floreada en grabado xilográfico 
501 |a 25 obras 
650 1 0 |a Derecho civil 
949 |a UNICACH, Colección de Víctor Manuel Castillo: 01427-O 
942 |c CHIACASTI 
943 |g Fondo Bibliográfico Antiguo Víctor Manuel Castillo de la Universidad de Ciencias y Artes de Chiapas 
999 |c 1100128  |d 1100128